Fundamentals of electrical networks (Record no. 185797)
[ view plain ]
| 000 -LEADER | |
|---|---|
| fixed length control field | 01234 a2200205 4500 |
| 003 - CONTROL NUMBER IDENTIFIER | |
| control field | Nust |
| 005 - DATE AND TIME OF LATEST TRANSACTION | |
| control field | 20170207153423.0 |
| 020 ## - INTERNATIONAL STANDARD BOOK NUMBER | |
| International Standard Book Number | 8121923182 |
| 040 ## - CATALOGING SOURCE | |
| Transcribing agency | Nust |
| 082 ## - DEWEY DECIMAL CLASSIFICATION NUMBER | |
| Classification number | 621.3192 |
| 100 ## - MAIN ENTRY--PERSONAL NAME | |
| Personal name | Gupta, B. R. |
| 245 ## - TITLE STATEMENT | |
| Title | Fundamentals of electrical networks |
| Statement of responsibility, etc. | B. R. Gupta & Vandana Singhal |
| 250 ## - EDITION STATEMENT | |
| Edition statement | 1st ed |
| 260 ## - PUBLICATION, DISTRIBUTION, ETC. | |
| Place of publication, distribution, etc. | S.Chand |
| Name of publisher, distributor, etc. | New Delhi |
| Date of publication, distribution, etc. | 1999 |
| 300 ## - PHYSICAL DESCRIPTION | |
| Extent | xiv, 642 p. |
| Other physical details | illus |
| Dimensions | 24 cm |
| 505 ## - FORMATTED CONTENTS NOTE | |
| Formatted contents note | Units and Definitions (Page-1), Parameters of Electric Networks (Page-11), DC Network Analysis and Network Theorems (Page-42), Managetic Circuit (Page-108), Self and Mutual Inductance (Page-125), Network Transients (Page-140), Alternating Current and Voltage (Page-208), Series AC Circuits (Page-222), Parallel and Series Parallel Networks (Page-251), Resonance (Page-270), AC Networks Theorems (Page-295), State Variable Analysis (Page-325), Non Sinusoidal Waves (Page-339), Polyphase Networks (Page-374), Two Port Networks (Page-402), Filter Networks (Page-436), Network Functions Poles and Zeros (Page-468), Network Synthesis (Page-513), Mechanical Analogies (Page-573), Symmetrical Components (Page-589), |
| 538 ## - SYSTEM DETAILS NOTE | |
| System details note | Almirah No.31 Shelf No.4 |
| 600 ## - SUBJECT ADDED ENTRY--PERSONAL NAME | |
| Personal name | B.R.Gupta |
| 650 ## - SUBJECT ADDED ENTRY--TOPICAL TERM | |
| Topical term or geographic name entry element | Fundamentals of electrical networks |
| 942 ## - ADDED ENTRY ELEMENTS (KOHA) | |
| Source of classification or shelving scheme | |
| Koha item type | Book |
| Withdrawn status | Lost status | Source of classification or shelving scheme | Damaged status | Not for loan | Collection code | Permanent Location | Current Location | Date acquired | Total Checkouts | Full call number | Barcode | Date last seen | Price effective from | Koha item type |
|---|---|---|---|---|---|---|---|---|---|---|---|---|---|---|
| Military College of Signals (MCS) | Military College of Signals (MCS) | 12/12/2016 | 621.3192 GUP | MCS30271 | 12/08/2016 | 12/12/2016 | Book |
